| 000 | 00674cab a2200241 4500 | ||
|---|---|---|---|
| 001 | ABS54906 | ||
| 008 | 090401t1996 xxu||||| |||| 00| 0 eng d | ||
| 035 | _a(Sirsi) u12967 | ||
| 041 | _aeng | ||
| 100 | _aMorgan, D. | ||
| 245 | _aMilitary occupation | ||
| 260 | _c1996 | ||
| 350 | _a0 | ||
| 490 |
_aProperty Week _v55(4) 25 April 1996, 36-39(4) |
||
| 520 | _aConsiders the role for the facilities manager in MoD property. | ||
| 650 | _aCOMPETING FOR QUALITY INITIATIVE | ||
| 650 | _aDEFENCE PROPERTY | ||
| 650 |
_aFACILITIES MANAGEMENT _96240 |
||
| 650 | _aMINISTRY OF DEFENCE | ||
| 690 | _aCOMMERCIAL PROPERTY-MANAGEMENT | ||
| 942 | _n0 | ||
| 948 | _c04/03/1997 | ||
| 999 |
_c8329 _d8329 |
||